[Event "EYCC 2024 - O18"]
[Site "?"]
[Date "2024.08.28"]
[Round "6.2"]
[White "Piliposyan, Robert"]
[Black "Sokolovsky, Yahli"]
[Result "1/2-1/2"]
[BlackElo "2522"]
[WhiteElo "2376"]
[LiveChessVersion "1.4.8"]

1. d4 {[%clk 1:30:56]} d5 {[%clk 1:30:54]} 2. c4 {[%clk 1:31:22]} e6
{[%clk 1:31:20]} 3. Nc3 {[%clk 1:31:47]} Nf6 {[%clk 1:31:45]} 4. cxd5
{[%clk 1:32:13]} exd5 {[%clk 1:32:09]} 5. Bg5 {[%clk 1:32:39]} Be7
{[%clk 1:32:14]} 6. e3 {[%clk 1:33:04]} c6 {[%clk 1:32:24]} 7. Bd3
{[%clk 1:33:28]} O-O {[%clk 1:32:42]} 8. Qc2 {[%clk 1:30:59]} h6 {[%clk 1:32:39]}
9. Bh4 {[%clk 1:30:39]} c5 {[%clk 1:30:23]} 10. dxc5 {[%clk 1:18:49]} Nc6
{[%clk 1:27:54]} 11. Nf3 {[%clk 1:16:48]} d4 {[%clk 1:26:21]} 12. Nxd4
{[%clk 1:13:17]} Nxd4 {[%clk 1:26:42]} 13. exd4 {[%clk 1:13:42]} Qxd4
{[%clk 1:26:55]} 14. Bxf6 {[%clk 1:13:01]} Bxf6 {[%clk 1:26:01]} 15. O-O
{[%clk 1:12:53]} Qxc5 {[%clk 1:07:54]} 16. Ne4 {[%clk 1:13:09]} Qb6
{[%clk 1:07:53]} 17. Nxf6+ {[%clk 1:13:11]} Qxf6 {[%clk 1:08:21]} 18. Bh7+
{[%clk 1:03:42]} Kh8 {[%clk 1:08:49]} 19. Be4 {[%clk 1:04:06]} Qb6
{[%clk 0:54:05]} 20. Bd5 {[%clk 1:00:12]} Be6 {[%clk 0:50:20]} 21. Bxe6
{[%clk 1:00:20]} Qxe6 {[%clk 0:50:43]} 22. Rfe1 {[%clk 1:00:45]} Rac8
{[%clk 0:49:34]} 23. Qa4 {[%clk 0:52:26]} Qb6 {[%clk 0:48:53]} 24. Re2
{[%clk 0:48:28]} f5 {[%clk 0:41:08]} 25. Qb3 {[%clk 0:35:05]} Qxb3
{[%clk 0:38:00]} 26. axb3 {[%clk 0:35:24]} Rfe8 {[%clk 0:27:21]} 27. Rxe8+
{[%clk 0:30:13]} Rxe8 {[%clk 0:27:49]} 28. Kf1 {[%clk 0:30:36]} a6
{[%clk 0:28:10]} 29. Ra5 {[%clk 0:30:56]} Rc8 {[%clk 0:19:49]} 1/2-1/2

[Event "EYCC 2024 - O18"]
[Site "?"]
[Date "2024.08.28"]
[Round "6.3"]
[White "Koutlas, Nikolaos"]
[Black "Macias Pino, Diego"]
[Result "1-0"]
[BlackElo "2477"]
[WhiteElo "2322"]
[LiveChessVersion "1.4.8"]

1. d4 {[%clk 1:30:57]} Nf6 {[%clk 1:30:32]} 2. c4 {[%clk 1:31:23]} e6
{[%clk 1:30:58]} 3. Nc3 {[%clk 1:31:50]} Bb4 {[%clk 1:31:24]} 4. Qc2
{[%clk 1:32:16]} h6 {[%clk 1:30:52]} 5. a3 {[%clk 1:29:22]} Bxc3+
{[%clk 1:30:55]} 6. Qxc3 {[%clk 1:29:49]} b6 {[%clk 1:31:16]} 7. Qg3
{[%clk 1:21:04]} Nc6 {[%clk 1:31:31]} 8. d5 {[%clk 1:11:36]} Ne7 {[%clk 1:31:17]}
9. e4 {[%clk 1:06:54]} d6 {[%clk 1:28:59]} 10. dxe6 {[%clk 1:00:17]} Bxe6
{[%clk 1:26:43]} 11. Bd3 {[%clk 1:00:01]} Ng6 {[%clk 1:22:41]} 12. f4
{[%clk 0:57:07]} Qe7 {[%clk 1:22:15]} 13. Ne2 {[%clk 0:56:21]} Bg4
{[%clk 1:13:38]} 14. Nc3 {[%clk 0:55:19]} h5 {[%clk 1:13:39]} 15. h3
{[%clk 0:50:51]} h4 {[%clk 1:13:13]} 16. Qf2 {[%clk 0:51:10]} Bd7
{[%clk 1:13:08]} 17. O-O {[%clk 0:50:50]} O-O {[%clk 1:05:56]} 18. Qf3
{[%clk 0:48:12]} Rfe8 {[%clk 0:55:51]} 19. Bd2 {[%clk 0:47:53]} c6
{[%clk 0:54:42]} 20. Rae1 {[%clk 0:44:09]} a6 {[%clk 0:51:40]} 21. Kh1
{[%clk 0:35:29]} b5 {[%clk 0:50:17]} 22. c5 {[%clk 0:35:52]} dxc5
{[%clk 0:48:29]} 23. e5 {[%clk 0:36:03]} Nd5 {[%clk 0:48:40]} 24. e6
{[%clk 0:33:51]} Nf6 {[%clk 0:42:22]} 25. f5 {[%clk 0:31:56]} Nf8
{[%clk 0:39:36]} 26. exd7 {[%clk 0:32:07]} Qxd7 {[%clk 0:40:05]} 27. Bg5
{[%clk 0:32:22]} Qd4 {[%clk 0:38:15]} 28. Bxf6 {[%clk 0:32:18]} gxf6
{[%clk 0:36:05]} 29. Be4 {[%clk 0:31:46]} Rac8 {[%clk 0:34:46]} 30. Bxc6
{[%clk 0:31:52]} Rxe1 {[%clk 0:34:00]} 31. Rxe1 {[%clk 0:32:17]} Qd2
{[%clk 0:33:40]} 32. Qg4+ {[%clk 0:31:14]} Kh8 {[%clk 0:34:01]} 33. Qxh4+
{[%clk 0:31:39]} Nh7 {[%clk 0:34:27]} 34. Bd5 {[%clk 0:30:08]} b4
{[%clk 0:33:26]} 35. Ne4 {[%clk 0:30:33]} Qxd5 {[%clk 0:33:06]} 36. Qxh7+
{[%clk 0:30:59]} Kxh7 {[%clk 0:33:31]} 37. Nxf6+ {[%clk 0:31:26]} 1-0

[Event "EYCC 2024 - O18"]
[Site "?"]
[Date "2024.08.28"]
[Round "6.4"]
[White "Talibov, Shiroghlan"]
[Black "Stalmach, Richard"]
[Result "0-1"]
[BlackElo "2443"]
[WhiteElo "2395"]
[LiveChessVersion "1.4.8"]

1. e4 {[%clk 1:30:58]} c5 {[%clk 1:30:56]} 2. Nf3 {[%clk 1:31:24]} d6
{[%clk 1:31:21]} 3. d4 {[%clk 1:31:49]} cxd4 {[%clk 1:31:48]} 4. Nxd4
{[%clk 1:32:15]} Nf6 {[%clk 1:32:14]} 5. Nc3 {[%clk 1:32:39]} Nc6
{[%clk 1:32:35]} 6. Bg5 {[%clk 1:33:05]} e6 {[%clk 1:33:01]} 7. Qd2
{[%clk 1:33:07]} a6 {[%clk 1:33:25]} 8. O-O-O {[%clk 1:33:28]} Bd7
{[%clk 1:33:52]} 9. f4 {[%clk 1:33:12]} Be7 {[%clk 1:33:31]} 10. Nf3
{[%clk 1:33:14]} b5 {[%clk 1:33:46]} 11. Bxf6 {[%clk 1:30:35]} gxf6
{[%clk 1:34:08]} 12. Kb1 {[%clk 1:30:21]} Qb6 {[%clk 1:34:25]} 13. Bd3
{[%clk 1:28:27]} O-O-O {[%clk 1:33:51]} 14. Rhe1 {[%clk 1:27:26]} Kb8
{[%clk 1:33:37]} 15. Nd5 {[%clk 1:25:50]} exd5 {[%clk 1:31:41]} 16. exd5
{[%clk 1:26:08]} Ne5 {[%clk 1:31:55]} 17. fxe5 {[%clk 1:26:34]} fxe5
{[%clk 1:30:50]} 18. Qh6 {[%clk 1:26:59]} Qc5 {[%clk 1:25:10]} 19. Qh5
{[%clk 1:27:23]} Rdf8 {[%clk 1:12:36]} 20. Bf5 {[%clk 1:27:36]} Qc8
{[%clk 1:10:29]} 21. g4 {[%clk 1:25:49]} Rhg8 {[%clk 1:00:18]} 22. Qxh7
{[%clk 0:55:54]} Bxf5 {[%clk 0:53:00]} 23. gxf5 {[%clk 0:46:10]} Rh8
{[%clk 0:53:23]} 24. Qg7 {[%clk 0:46:37]} Qxf5 {[%clk 0:53:48]} 25. Nd4
{[%clk 0:38:32]} exd4 {[%clk 0:53:32]} 26. Rxe7 {[%clk 0:38:56]} Rc8
{[%clk 0:54:00]} 27. Re2 {[%clk 0:34:48]} Rhe8 {[%clk 0:51:30]} 28. Qxd4
{[%clk 0:34:33]} Kb7 {[%clk 0:48:34]} 29. Rf2 {[%clk 0:33:40]} Qg6
{[%clk 0:45:58]} 30. b3 {[%clk 0:32:16]} Rc7 {[%clk 0:45:08]} 31. Rdf1
{[%clk 0:27:37]} Re5 {[%clk 0:43:42]} 32. Qd1 {[%clk 0:24:12]} Qh5
{[%clk 0:38:47]} 33. Qxh5 {[%clk 0:24:23]} Rxh5 {[%clk 0:39:12]} 34. Rd2
{[%clk 0:24:51]} Kb6 {[%clk 0:38:00]} 35. Rf3 {[%clk 0:23:48]} f5
{[%clk 0:36:25]} 36. Kb2 {[%clk 0:22:24]} Rch7 {[%clk 0:33:22]} 37. Rc3
{[%clk 0:22:22]} Rc7 {[%clk 0:33:04]} 38. Re3 {[%clk 0:14:22]} Rch7
{[%clk 0:26:10]} 39. Rc3 {[%clk 0:14:40]} Rc7 {[%clk 0:26:35]} 40. Rxc7
{[%clk 0:14:59]} Kxc7 {[%clk 0:27:04]} 41. Rf2 {[%clk 0:14:40]} a5
{[%clk 0:27:17]} 42. a3 {[%clk 0:12:31]} Kb6 {[%clk 0:27:19]} 43. b4
{[%clk 0:12:55]} a4 {[%clk 0:27:25]} 44. c3 {[%clk 0:12:00]} f4 {[%clk 0:27:14]}
45. Kc2 {[%clk 0:11:40]} Rxd5 {[%clk 0:21:25]} 46. Rxf4 {[%clk 0:12:04]} Rg5
{[%clk 0:21:52]} 47. Rd4 {[%clk 0:09:44]} Kc6 {[%clk 0:18:39]} 48. h4
{[%clk 0:10:09]} Rh5 {[%clk 0:16:28]} 49. Kd3 {[%clk 0:10:22]} d5
{[%clk 0:16:09]} 50. Rg4 {[%clk 0:08:57]} Kd6 {[%clk 0:10:41]} 51. Kd4
{[%clk 0:09:15]} Rh6 {[%clk 0:10:06]} 52. Rf4 {[%clk 0:09:10]} Rh5
{[%clk 0:10:26]} 53. Rf6+ {[%clk 0:07:54]} Kc7 {[%clk 0:10:51]} 54. Rf7+
{[%clk 0:06:45]} Kd6 {[%clk 0:11:14]} 55. Rf6+ {[%clk 0:07:14]} Kc7
{[%clk 0:11:42]} 56. Rf4 {[%clk 0:07:40]} Kd6 {[%clk 0:12:01]} 57. Rg4
{[%clk 0:07:39]} Rh6 {[%clk 0:12:27]} 58. Ke3 {[%clk 0:08:05]} Rh8
{[%clk 0:10:11]} 59. Rf4 {[%clk 0:06:11]} Ke5 {[%clk 0:09:06]} 60. Rg4
{[%clk 0:05:39]} Kd6 {[%clk 0:09:27]} 61. Kf2 {[%clk 0:04:32]} Ke5
{[%clk 0:08:29]} 62. Kg2 {[%clk 0:04:04]} Kf5 {[%clk 0:06:18]} 63. Kh3
{[%clk 0:03:57]} Rc8 {[%clk 0:06:19]} 64. Rg3 {[%clk 0:03:02]} Kf4
{[%clk 0:05:10]} 65. h5 {[%clk 0:01:40]} Rh8 {[%clk 0:03:41]} 66. Rg4+
{[%clk 0:02:06]} Ke3 {[%clk 0:03:31]} 67. Rg5 {[%clk 0:02:07]} Rd8
{[%clk 0:01:52]} 68. h6 {[%clk 0:00:36]} Kd2 {[%clk 0:02:06]} 69. h7
{[%clk 0:00:34]} Rh8 {[%clk 0:02:34]} 70. Rxd5+ {[%clk 0:00:32]} Kxc3
{[%clk 0:03:03]} 71. Rd7 {[%clk 0:00:34]} Kb2 {[%clk 0:03:24]} 72. Rd3
{[%clk 0:00:37]} Rxh7+ {[%clk 0:03:50]} 73. Kg4 {[%clk 0:01:02]} Rc7
{[%clk 0:03:45]} 74. Kf4 {[%clk 0:01:01]} Rc3 {[%clk 0:03:36]} 75. Rd5
{[%clk 0:01:27]} Rxa3 {[%clk 0:03:27]} 76. Rxb5 {[%clk 0:01:53]} Rc3
{[%clk 0:02:42]} 77. Ke5 {[%clk 0:01:59]} a3 {[%clk 0:02:54]} 78. Ra5
{[%clk 0:01:38]} a2 {[%clk 0:03:12]} 79. Rxa2+ {[%clk 0:01:31]} Kxa2
{[%clk 0:03:37]} 80. Kd6 {[%clk 0:01:26]} Rb3 {[%clk 0:04:03]} 81. Kc5
{[%clk 0:01:48]} Ka3 {[%clk 0:04:29]} 82. b5 {[%clk 0:02:13]} Ka4
{[%clk 0:04:56]} 83. b6 {[%clk 0:02:42]} Ka5 {[%clk 0:05:22]} 0-1

[Event "EYCC 2024 - O18"]
[Site "?"]
[Date "2024.08.28"]
[Round "6.9"]
[White "Razafindratsima, Timothe"]
[Black "Hercegovac, Neven"]
[Result "1-0"]
[BlackElo "2278"]
[WhiteElo "2457"]
[LiveChessVersion "1.4.8"]

1. e4 {[%clk 1:30:58]} c5 {[%clk 1:30:49]} 2. Nf3 {[%clk 1:31:14]} Nc6
{[%clk 1:31:13]} 3. Nc3 {[%clk 1:31:31]} g6 {[%clk 1:31:32]} 4. d4
{[%clk 1:31:45]} cxd4 {[%clk 1:31:57]} 5. Nxd4 {[%clk 1:32:11]} Bg7
{[%clk 1:32:11]} 6. Be3 {[%clk 1:32:13]} Nf6 {[%clk 1:32:31]} 7. Bc4
{[%clk 1:32:12]} O-O {[%clk 1:32:54]} 8. Bb3 {[%clk 1:32:16]} d6 {[%clk 1:33:19]}
9. f3 {[%clk 1:31:44]} Qa5 {[%clk 1:33:32]} 10. Qd2 {[%clk 1:30:42]} Nxd4
{[%clk 1:33:47]} 11. Bxd4 {[%clk 1:31:10]} Be6 {[%clk 1:34:11]} 12. O-O
{[%clk 1:27:52]} Nd7 {[%clk 1:31:50]} 13. Bxg7 {[%clk 1:26:08]} Kxg7
{[%clk 1:32:18]} 14. Kh1 {[%clk 1:26:32]} Rac8 {[%clk 1:29:35]} 15. f4
{[%clk 1:16:35]} Rfd8 {[%clk 0:56:13]} 16. Rf3 {[%clk 0:46:49]} Bxb3
{[%clk 0:52:22]} 17. cxb3 {[%clk 0:47:18]} Nf6 {[%clk 0:44:23]} 18. Raf1
{[%clk 0:46:38]} b5 {[%clk 0:33:32]} 19. f5 {[%clk 0:30:34]} Rf8 {[%clk 0:22:36]}
20. Rh3 {[%clk 0:19:56]} h5 {[%clk 0:20:58]} 21. a3 {[%clk 0:20:06]} b4
{[%clk 0:17:52]} 22. Nd5 {[%clk 0:20:35]} Nxe4 {[%clk 0:17:24]} 23. Qd4+
{[%clk 0:16:45]} Nf6 {[%clk 0:17:52]} 24. Nxe7 {[%clk 0:16:57]} Qc5
{[%clk 0:14:43]} 25. fxg6 {[%clk 0:14:15]} fxg6 {[%clk 0:15:08]} 26. Qd3
{[%clk 0:14:11]} Ne4 {[%clk 0:14:23]} 27. Rhf3 {[%clk 0:14:38]} d5
{[%clk 0:05:54]} 28. Nxc8 {[%clk 0:15:00]} Rxc8 {[%clk 0:05:11]} 29. axb4
{[%clk 0:15:06]} Qd6 {[%clk 0:03:28]} 30. Rf7+ {[%clk 0:14:32]} Kh6
{[%clk 0:02:47]} 31. Qe3+ {[%clk 0:14:55]} g5 {[%clk 0:03:07]} 32. Qd4
{[%clk 0:13:03]} Qg6 {[%clk 0:03:16]} 33. Qxd5 {[%clk 0:13:06]} h4
{[%clk 0:03:20]} 34. Re7 {[%clk 0:10:19]} Qf6 {[%clk 0:03:46]} 35. Re6
{[%clk 0:10:05]} Nf2+ {[%clk 0:03:41]} 36. Kg1 {[%clk 0:10:29]} 1-0

[Event "EYCC 2024 - O18"]
[Site "?"]
[Date "2024.08.28"]
[Round "6.17"]
[White "Klimkowski, Jan"]
[Black "Szikszai, Bertalan"]
[Result "1-0"]
[BlackElo "2278"]
[WhiteElo "2508"]
[LiveChessVersion "1.4.8"]

1. e4 {[%clk 1:30:58]} c5 {[%clk 1:30:50]} 2. Nf3 {[%clk 1:31:24]} d6
{[%clk 1:31:14]} 3. d4 {[%clk 1:31:51]} cxd4 {[%clk 1:31:39]} 4. Nxd4
{[%clk 1:32:18]} Nf6 {[%clk 1:32:02]} 5. Nc3 {[%clk 1:32:45]} a6 {[%clk 1:32:23]}
6. Bg5 {[%clk 1:33:04]} e6 {[%clk 1:32:32]} 7. Qf3 {[%clk 1:33:12]} Be7
{[%clk 1:31:24]} 8. O-O-O {[%clk 1:32:58]} Qc7 {[%clk 1:22:32]} 9. g4
{[%clk 1:32:37]} Nbd7 {[%clk 1:14:52]} 10. Bd2 h6 {[%clk 1:05:10]} 11. Qh3
{[%clk 1:27:36]} Nc5 {[%clk 0:54:26]} 12. Bg2 {[%clk 1:27:06]} g6 13. f4
{[%clk 1:22:38]} e5 {[%clk 0:41:54]} 14. Nf5 {[%clk 1:23:24]} gxf5
{[%clk 0:36:53]} 15. exf5 Bxf5 {[%clk 0:35:24]} 16. gxf5 {[%clk 1:23:45]} O-O-O
{[%clk 0:30:06]} 17. Nd5 {[%clk 1:16:16]} Nxd5 {[%clk 0:30:21]} 18. Bxd5
{[%clk 1:16:39]} Bf6 {[%clk 0:30:15]} 19. Qa3 {[%clk 1:07:01]} Kb8
{[%clk 0:19:53]} 20. Ba5 {[%clk 1:04:03]} b6 {[%clk 0:20:19]} 21. Bd2
{[%clk 1:01:36]} Ka7 {[%clk 0:20:15]} 22. Kb1 {[%clk 1:00:05]} Rc8
{[%clk 0:19:21]} 23. Rhe1 {[%clk 0:49:10]} Rhe8 {[%clk 0:16:12]} 24. Bc3
{[%clk 0:39:07]} Re7 {[%clk 0:15:02]} 25. Bc4 {[%clk 0:36:37]} Bh4
{[%clk 0:12:20]} 26. Rf1 {[%clk 0:35:12]} Ne4 {[%clk 0:09:36]} 27. Qxa6+
{[%clk 0:29:31]} Kb8 {[%clk 0:10:02]} 28. Bb3 {[%clk 0:25:27]} Nxc3+
{[%clk 0:10:23]} 29. bxc3 {[%clk 0:25:55]} Bf6 {[%clk 0:09:47]} 30. Rd5
{[%clk 0:24:38]} Qb7 {[%clk 0:00:56]} 31. Qxb7+ {[%clk 0:24:37]} Rxb7
{[%clk 0:01:05]} 32. Rxd6 {[%clk 0:24:57]} Be7 {[%clk 0:01:23]} 33. Rxh6
{[%clk 0:25:23]} exf4 {[%clk 0:01:31]} 34. Bd5 {[%clk 0:25:17]} Rd7
{[%clk 0:00:46]} 35. Bxf7 {[%clk 0:21:03]} Rxc3 {[%clk 0:00:55]} 36. Rxb6+
{[%clk 0:19:39]} Kc7 {[%clk 0:01:18]} 37. Ra6 {[%clk 0:16:43]} Kb7
{[%clk 0:01:02]} 38. Ra4 {[%clk 0:14:12]} Rd2 {[%clk 0:01:07]} 39. Bb3
{[%clk 0:13:18]} f3 {[%clk 0:01:09]} 40. Rf4 {[%clk 0:09:44]} Bf6
{[%clk 0:00:56]} 41. Kc1 {[%clk 0:09:02]} Rdd3 {[%clk 0:00:51]} 42. R4xf3
{[%clk 0:08:54]} Rxf3 {[%clk 0:00:33]} 43. Bd5+ {[%clk 0:09:23]} Kc7
{[%clk 0:00:50]} 44. Rxf3 {[%clk 0:07:41]} Rc5 {[%clk 0:01:08]} 45. Be6
{[%clk 0:07:43]} Kd6 {[%clk 0:01:04]} 46. Rd3+ {[%clk 0:08:06]} Ke5
{[%clk 0:01:29]} 47. c4 {[%clk 0:07:08]} Ke4 {[%clk 0:01:45]} 48. Rd7
{[%clk 0:06:47]} Ra5 {[%clk 0:02:04]} 49. Kb1 {[%clk 0:07:11]} Bd4
{[%clk 0:00:59]} 50. Rxd4+ {[%clk 0:04:22]} Kxd4 {[%clk 0:01:24]} 51. f6
{[%clk 0:04:49]} Kc3 {[%clk 0:01:19]} 52. f7 {[%clk 0:04:01]} Re5
{[%clk 0:01:39]} 53. a4 {[%clk 0:03:10]} Re1+ {[%clk 0:01:34]} 54. Ka2
{[%clk 0:03:37]} Re2+ {[%clk 0:00:55]} 55. Ka3 {[%clk 0:04:03]} Re1
{[%clk 0:00:33]} 56. c5 {[%clk 0:04:28]} Ra1+ {[%clk 0:00:38]} 57. Ba2
{[%clk 0:04:54]} Rf1 {[%clk 0:00:58]} 58. c6 {[%clk 0:05:11]} Rf4
{[%clk 0:00:32]} 59. c7 {[%clk 0:05:31]} 1-0